000 00486 a2200157 4500
999 _c3042
_d3042
020 _a0201083582
050 0 0 _aHF5549.5 WAT 1979
100 1 _aWatson, Charles E.
_eauthor
245 1 0 _aManagement development through training /
_cCharles E. Watson.
264 _aLondon
_b Addison-Wesley Publishing
_c1979
300 _axii, 340 p. ;
500 _aIncludes index
504 _aIncludes bibliographies references
650 0 _aExecutives
_xTraining of.
942 _2lcc
_cBK
_h5549.5
_iWAT
_kHF